000 00576nam a22002171 4500
001 sa 68003643
003 DLC
005 20260227112454.0
008 710903s1967 ii b 00000 eng
010 _asa 68003643
025 _aPL480:I-E-9390
050 0 _aHM51
_b.B35
082 _a301
100 1 0 _aBasu, Minendra Nath,
_d1911-
245 1 0 _aSociology; an applied limb of cultural anthropology.
260 0 _aCalcutta,
_bWorld Press,
_c1967.
300 _ax, 151 p.
_c22 cm.
350 _aRs10
_a$2.50
504 _aBibliography: p. 143-151.
650 0 _aSociology.
999 _c79640
_d79640